Retórica a Alejandro.
Uloženo v:
| Další autoři: | |
|---|---|
| Médium: | Kniha |
| Vydáno: |
Salamanca, España:
Ediciones Universidad de Salamanca,
1989.
|
| Vydání: | Primera edición. |
| Edice: | Acta Salmanticensia. Estudios Filológicos,
217. |
| Témata: | |
| Tagy: |
Přidat tag
Žádné tagy, Buďte první, kdo vytvoří štítek k tomuto záznamu!
|
MARC
| LEADER | 00000nam a22000007a 4500 | ||
|---|---|---|---|
| 003 | CL-VaPUC | ||
| 005 | 20220822114515.0 | ||
| 008 | 220622b1989 ||||| |||| 00| 0 eng d | ||
| 999 | |c 436196 |d 436194 | ||
| 020 | |a 84-7481-540-1 | ||
| 040 | |c Pontificia Universidad Católica de Valparaíso | ||
| 082 | |a 888.5 SAN 1989 | ||
| 100 | 1 | |a Sánchez Sanz, José |e editor |9 871128 | |
| 245 | |a Retórica a Alejandro. | ||
| 250 | |a Primera edición. | ||
| 260 | |a Salamanca, España: |b Ediciones Universidad de Salamanca, |c 1989. | ||
| 300 | |a 106 páginas. | ||
| 490 | |a Acta Salmanticensia. Estudios Filológicos, |v 217. | ||
| 500 | |a c.1 Donación Familia Prof. Alejandro Guzmán Brito. | ||
| 583 | |c 20220622 |k Cristina María Rojas Aguilar | ||
| 650 | |a Retórica antigua |9 265653 | ||
| 942 | |2 ddc |c BK |n 0 | ||
| 952 | |0 0 |1 0 |2 ddc |4 0 |6 888_500000000000000_SAN_1989 |7 0 |8 C_AGB |9 583935 |a BIBDER |b BIBDER |d 2022-06-22 |e Donación |i 5652023 |o 888.5 SAN 1989 |p 5652023 |r 2023-01-25 |t 1 |w 2022-06-22 |y BK_US |k AGB | ||